| 000 | 01159cam a2200253 4500 | ||
|---|---|---|---|
| 001 | WB3846-01 | ||
| 008 | 021210n2002 000 0 eng u | ||
| 035 | _a(Sirsi) u120721 | ||
| 245 | _aUK Construction Output | ||
| 260 | _c2002 | ||
| 490 |
_aRICS Economic Forecasts _v December 2002, (2) |
||
| 520 | _aLatest economic forecast by the RICS Policy Unit shows that construction output is set to rise by 5.9% this year and 4.1% in 2003. Growth in public sector work is likely to lead the rising activity with more increases in infrastructure building helped by a strong pick-up in repair and maintenance. Constuction activity growth in 2002 will exceed that of the rest of the economy for the second year in succession. Includes figures for commercial and industrial building and infrastructure and other public works. | ||
| 590 | _aWB | ||
| 650 | _aECONOMIC FORECASTS | ||
| 650 | _aCONSTRUCTION OUTPUT | ||
| 650 | _aCOMMERCIAL BUILDING | ||
| 650 | _aHOUSE BUILDING | ||
| 650 | _aPUBLIC SECTOR | ||
| 650 |
_aInfrastructure _96246 |
||
| 650 | _aINDUSTRIAL BUILDING | ||
| 650 | _aOFFICE DEVELOPMENT | ||
| 690 | _aBUILT ENVIRONMENT | ||
| 942 | _n0 | ||
| 999 |
_c71732 _d71732 |
||